000 00360nam a22001697a 4500
999 _c166046
_d166046
005 20211214172126.0
020 _a9789353436384
041 _aEnglish
082 _a370.15 Q19 WOO
100 _aAnita Woolfolk
245 _aEducational Psychology
250 _114
260 _aDelhi
_PPearson
_c2019
300 _a670
365 _b730.00
942 _cBK